Experimental electrical engineering; (Record no. 545370)
[ view plain ]
| 000 -LEADER | |
|---|---|
| fixed length control field | 00717cam a22001691 4500 |
| 082 ## - DEWEY DECIMAL CLASSIFICATION NUMBER | |
| Classification number | 621.3 |
| Author Mark | RAP |
| -- | L |
| 100 1# - MAIN ENTRY--PERSONAL NAME | |
| Personal name | Rapson, Ernest Thomas Arthur, |
| 9 (RLIN) | 41139 |
| 245 10 - TITLE STATEMENT | |
| Title | Experimental electrical engineering; |
| Remainder of title | a book covering the experimental work necessary for students taking the ordinary and higher national certificates in electrical engineering, and also the B. Sc. and I. E. E. examinations, |
| Statement of responsibility, etc. | by E. T. A. Rapson. |
| 250 ## - EDITION STATEMENT | |
| Edition statement | 4th ed. |
| 260 ## - PUBLICATION, DISTRIBUTION, ETC. | |
| Place of publication, distribution, etc. | London, |
| Name of publisher, distributor, etc. | Sir I. Pitman & Sons, Ltd., |
| Date of publication, distribution, etc. | 1943. |
| 300 ## - PHYSICAL DESCRIPTION | |
| Extent | ix, 205 p. |
| Other physical details | diagrs. |
| Dimensions | 19 cm. |
| 526 ## - STUDY PROGRAM INFORMATION NOTE | |
| Program name | 0 |
| Interest level | 0 |
| Reading level | 0 |
| Title point value | 621_300000000000000_RAP |
| 526 ## - STUDY PROGRAM INFORMATION NOTE | |
| Program name | 0 |
| Interest level | 0 |
| Reading level | 0 |
| Title point value | 621_300000000000000_RAP |
| 650 #0 - SUBJECT ADDED ENTRY--TOPICAL TERM | |
| Topical term or geographic name entry element | Electrical engineering |
| 650 #0 - SUBJECT ADDED ENTRY--TOPICAL TERM | |
| Topical term or geographic name entry element | MCE |
| 9 (RLIN) | 379 |
| 942 ## - ADDED ENTRY ELEMENTS (KOHA) | |
| Source of classification or shelving scheme | |
| Koha item type | Book |
| Withdrawn status | Lost status | Source of classification or shelving scheme | Damaged status | Not for loan | Permanent Location | Current Location | Date acquired | Total Checkouts | Full call number | Barcode | Date last seen | Price effective from | Koha item type |
|---|---|---|---|---|---|---|---|---|---|---|---|---|---|
| Military College of Engineering (MCE) | Military College of Engineering (MCE) | 05/21/2014 | 621.3 RAP | MCE-29817 | 05/21/2014 | 05/21/2014 | Book | ||||||
| Military College of Engineering (MCE) | Military College of Engineering (MCE) | 05/21/2014 | 621.3 RAP | MCE-29816 | 05/21/2014 | 03/14/2021 | Book |
